Pūrbbabaṅga pradeśera prāthamika bidyālaẏa samūhera saṃśodhita pāṭhya tālikā. (Record no. 63404)

MARC details
000 -LEADER
fixed length control field 00804cam a22002411 4500
001 - CONTROL NUMBER
control field sa 65003875
003 - CONTROL NUMBER IDENTIFIER
control field DLC
005 - DATE AND TIME OF LATEST TRANSACTION
control field 20260227112126.0
008 - FIXED-LENGTH DATA ELEMENTS--GENERAL INFORMATION
fixed length control field 950308s1953 bg 000 0 beno
010 ## - LIBRARY OF CONGRESS CONTROL NUMBER
LC control number sa 65003875
025 ## - OVERSEAS ACQUISITION NUMBER
Overseas acquisition number PL480:EP-B-686
035 ## - SYSTEM CONTROL NUMBER
System control number (OCoLC)32111030
040 ## - CATALOGING SOURCE
Original cataloging agency DLC
Transcribing agency CU
Modifying agency CU
-- DLC
042 ## - AUTHENTICATION CODE
Authentication code premarc
050 00 - LIBRARY OF CONGRESS CALL NUMBER
Classification number L578.5
Item number .A58
110 1# - MAIN ENTRY--CORPORATE NAME
Corporate name or jurisdiction name as entry element East Pakistan.
Subordinate unit Bureau of Educational Information and Statistics.
245 10 - TITLE STATEMENT
Title Pūrbbabaṅga pradeśera prāthamika bidyālaẏa samūhera saṃśodhita pāṭhya tālikā.
260 ## - PUBLICATION, DISTRIBUTION, ETC.
Place of publication, distribution, etc. Dacca,
Name of publisher, distributor, etc. Superintendent, Govt. Printing, East Bengal Govt. Press,
Date of publication, distribution, etc. 1953.
300 ## - PHYSICAL DESCRIPTION
Extent 60 p.
Dimensions 24 cm.
500 ## - GENERAL NOTE
General note In Bengali.
500 ## - GENERAL NOTE
General note At head of title: Education Directorate. East Bengal.
650 #0 - SUBJECT ADDED ENTRY--TOPICAL TERM
Topical term or geographic name entry element Education
Geographic subdivision Bangladesh.

No items available.

Powered by Koha